000 01679nam a22002297a 4500
999 _c116538
_d116538
003 KOHA_MİRAKIL
005 20240814100434.0
008 231005b ||||| |||| 00| 0 eng d
020 _a8691834001718
040 _aTR-IsTIV
_btur
_cTR-IsTIV
041 _atur
_ctur
_htur
090 _aDVD8.0929
100 1 _aBecanos, Yorgo
_d1900-1977
245 1 0 _aYorgo Becanos 1900-1977 [CD-ROM Soundrecording]
260 _aİstanbul
_bKalan Müzik Yapım
_c1997
300 _b1 sound disc :|bdigital ;|c4 3/4 in +|e1 booklet.
440 _aKalan Müzik Arşiv Serisi
505 _a1.Selmek Taksim 2-Segâh Taksim 3-Mahur Şarkı (Gülşen-i Ehzar Açtı Yorgo Becanos'un Udu eşliğinde okuyanlar Hafız Kemal-Sadettin Kaynak) 4-Mahur Taksim 5-Hüzzam Gazel (Gözü Dünya mı görür aşk-ı didar olanın) 6-Hüseyni Taksim 7-Nihavend Taksim 8-Hicazkar Taksim (Piyano ile) 9-Şadraban Peşrev (İki Hane ile) (Refik Fersan) Çalanlar Yorgo Becanos Sadi Işılay (Keman) Haluk Recai (Kemençe) Fikret Kutluğ (Kanun) 10-Hicaz Taksim 11-Mahur Taksim 12-Acemkurdi Taksim 13-Hüseyni Taksim 14-Sultaniyegah Peşrev (İki Hane) ve Sultaniyegah Saz Semaisi: Kanuni Hacı Arif Bey Çalanlar Yorgo Becanos, Nubar Tekyay (Keman) 15-Sûznak Oyun Havası (Bestecisi bilinmiyor) 16-Nikriz Firto (Refik Fersan) Çalanlar: Yorgo Becanos, Sadi Işılay (Keman), Fahire Fersan (Kemençe), Ercüment Batanay (Tambur), Şükrü Tunar (Klarnet), Fevzi Aslangil (Piyano) 17-Hicazkâr Taksim.
610 _aKalan Müzik Yapım
650 0 0 _aUd Sanatçıları
_vUd Sanatçıları|zTürkiye|vAlbümler
_xTürk Sanat Müziği|zTürkiye|xYorumlar ve İcralar
_y1997
_zTürkiye
942 _2ddc
_cGR